Statistiques concernant Les acteurs des films Marvel

Cliquez ici pour prendre le quiz!

Statistiques générales

  • Ce quiz a été pris 2 486 fois
    (2 447 depuis la dernière actualisation)
  • Le résultat moyen est 19 sur 51

Statistiques - réponses

PersonnageActeur/actrice% Correct
Captain America/Steve RogersChris Evans
94%
ThorChris Hemsworth
90%
Iron man/Tony StarkRobert Downey Jr
90%
Spider-man/Peter Parker(Homecoming)Tom Holland
84%
Black Widow/Natacha RomanoffScarlett Johansson
77%
Hulk(a partir d'Avengers)Mark Ruffalo
76%
Star Lord/Peter QuillChris Pratt
72%
Nick FurySamuel L. Jackson
64%
Docteur Strange/Steven StrangeBenedict Cumberbatch
62%
LokiTom Hiddleston
62%
Ant-man/Scott LangPaul Rudd
60%
GrootVin Diesel
59%
Sorcière rouge/Wanda MaximoffElisabeth Olsen
55%
Le Soldat de l'hiver/Bucky BarnesSebastian Stan
55%
Captain Marvel(bientôt)Brie Larson
54%
Panthère noire/T'ChallaChadwick Boseman
54%
Rocket RacoonBradley Cooper
51%
GamoraZoe Saldana
47%
Le Faucon/Sam WilsonAnthony Mackie
43%
VisionPaul Bettany
42%
Pepper PottsGwyneth Paltrow
41%
Bruce Banner/Hulk(the incredible Hulk)Edward Norton
37%
DraxDave Bautista
33%
HeimdallIdris Elba
33%
OdinAnthony Hopkins
31%
Hawkeye/Clint BartonJeremie Renner
30%
ThanosJosh Brolin
30%
War Machine/James RhodesDon Cheadle
28%
Vif-argent/Pietro MaximoffAaron Taylor-Johnson
26%
Hank Pym(Ant-man)Michael Douglas
25%
Hope Van Dyne/la guêpe ( Ant-man)Évangeline Lilly
24%
MantisPom Klementieff
24%
NébulaKaren Gillan
23%
Le vautour(Spider-man homecoming)Michael Keaton
21%
Le collectionneur(gardiens de la galaxie)Benicio Del Toro
16%
L'ancien(Dr.Strange)Tilda Swinton
16%
Crane rougeHugo Weaving
15%
Ego (gardiens de la galaxie 2)Kurt Russel
15%
Whiplash/ Ivan Vanko(Iron man 2)Mickey Rourke
14%
Le MandarinBen Kingsley
13%
Agent13/Sharon Carter(Cap.America 2-3)Emily VanCamp
13%
Kaecilius(Dr. strange)Mads Mikkelsen
13%
YonduMichael Rooker
13%
Ronan L'accusateurLee Pace
11%
Emil Blansky/Abomination(Hulk)Tim Roth
11%
UltronJames Spader
10%
Iron Monger/ Obadiah Stane(Iron man)Jeff Bridges
10%
CrossbonesFrank Grillo
9%
Mordo(Dr Strange)Chiwetel Ejiofor
8%
Malekith(Thor 2)Christopher Eccleston
6%
Yellow Jackett/Darren CrossCorey Stoll
5%

Distribution des résultats

Percentile par nombre de réponses

% des personnes avec chaque résultat

Votre développement - résultats

Vous n’avez pas pris ce quiz depuis la dernière actualisation